Statistics for CSGO Quiz (II)

Click here to take the quiz!

General Stats

  • This quiz has been taken 2,083 times
  • The average score is 12 of 20

Answer Stats

QuestionAnswer% Correct
What is it called when you kill 5 people on the enemy team?Ace
96%
What gun can do 468 damage?AWP
96%
What is it called when 1 team is at 15 winsMatch Point
91%
What shotgun is known for being Semi Auto, rather than being PumpXM1014
89%
What is the nickname for the SSG 08? (popular nickname)Scout
82%
True or False: The Galil AR is the same price as the CT equivalent, the FamasFalse
79%
True or False: Buying a Negev and Armor is cheaper than buying an M4A4True
79%
What is it called when you hit 2 or more people with only 1 bulletCollateral
77%
What is the cheapest item that can kill? (Trick Question)Decoy ($50)
76%
If you were to buy an AK-47, a Desert Eagle, Two Flashes, and Full Armor, how much would that cost?4800
73%
When starting a new game, what guns are automatically equipped?P2000, M4A4, Five-Seven, Tec-9, Mp7, Deagle
66%
What is it called if you hit someone in the leg with an AWP? (mainly called)Legged
58%
True or False: The R8 Revolver can do a 5 hit collateral (Through the head)True
57%
True or False: If you left click with a knife, it has a longer reach than if you right clickedTrue
48%
True or False: SG is the only weapon that has 100% Armor Penetration (as of April 2019)True
42%
When the M4A1-S first came out, why was it a better option to its other option, M4A4?It had the same ammo, cheaper cost, and silencer equipped
39%
What was one of the first "swappable" weapons to release?USP-S
39%
How much money does it give the team if you plant the bomb? (Before the round ends?)$800
22%
True or False: When the Deagle first came out, it was a 1 headshot 1 killFalse
21%
What is the only switchable weapons that is cheaper than it's counterpart?R8 Revolver
15%

Score Distribution

Percentile by Number Answered

Percent of People with Each Score

Your Score History

You have not taken this quiz